02429cam a22004694i 4500003000900000005001700009008004100026035001900067040003300086049000900119082002200128110005700150245003100207264005400238300001700292336002100309337002500330338002300355505080600378526001001184526001001194526001001204526001001214526000801224526000801232526000801240526000801248526000801256526000801264526000801272600005501280650002201335700004401357910002801401942001401429949013301443994001401576596000601590999015101596980005501747952015701802PE-LiUPU20250731172918.0150617s r 000 0 d a(Sirsi) a19009 aPE-LiUPUbspacPE-LiUPUerda aPRUA04a282.0985bC742212 aIglesia Católica. Papa (1978-2005 : Juan Pablo II)10aJuan Pablo II: su mensaje. 1aLima :bArtes Gráficas: Alejandro Horna,c1985. a278 ;c19 cm atext2rdacontent aunmediated2rdamedia avolume2rdacarrier0 aLlegada al Perú (1º de febrero 1985) -- Encuentro con el Clero, Religiosas y agentes del pastoral (1º de febrero) -- En el palacio de Gobireno (1º de febrero) -- Encuentro con la juventud (2 de febrero) -- Encuentro con los obispos del Perú (2 de febrero) -- Misa para la familia con ordenaciones (3 de febrero) -- Encuentro con el cuerpo diplomático (3 de febrero) -- Encuentro ecuménico (4 de febrero) -- Encuentro con los pueblos jóvenes (5 de febrero) -- Despedida del Santo Padre (5 de febrero) -- Beatificación de Sor Ana de los Angeles -- Encuentro con los aborígenes y los campesinos -- Encuentro con el pueblo Ayacuchano -- Paraliturgia con los enfermos y ancianos -- Encuentro con los pueblos del norte -- Misa para los trabajadores -- Encuentro con los nativos de la selva. aSEG42 aSEG41 aSEG40 aSEG39 aP94 aP87 aP86 aP85 aP77 aP76 aP351 aJuan Pablo.bII.cPapa.d1920-2005xViajeszPerú04aSermones papales.1 aConferencia Episcopal Peruana,eeditor. ajckbjvqcjckd20150616 2ddccBOOK a282.0985 C74wDEWEYc1i24502lCCODEBUL1mBULp00.00r0sYtBOOKu2015-04-22xTEOLOGIAPP350COMPRAo.STAFF. Colección General aC0bPEPRU a1 a282.0985 C74wDEWEYc18764i24502f2021-11-12g5lCCODEBUL1mBULr0sYtBOOKu2015-4-22xTEOLOGIAPP350COMPRAo.STAFF. Colección Generald18764 81gALBERTO SANCHEZ Responsable de Automatización r2025-12-02 00:00:00i6l0o282.0985 C74p24502te1w2015-04-22xFTyBKzinventario-2023-12-13102ddc50708GENfP35aBULbBULcGENd2015-04-22eCOMPRA